Biblioteca

En camino a los países cálidos / ilustraciones de Philippe salembier, textos de Pascale Védere d`Auria, traducción de Ma. del Pilar Ortíz L. (Registro nro. 49200)

Detalles MARC
000 -LÍDER
Campo fijo de descripción fija 006070000a22002050004500
001 - NÚMERO DE CONTROL
Campo de control 2050
003 - IDENTIFICADOR DEL NÚMERO DE CONTROL
Campo de control CO-MdFUSB
005 - FECHA Y HORA DE LA ULTIMA TRANSACCIÓN
control field 20180222180724.0
008 - ELEMENTOS DE LONGITUD FIJA -- INFORMACIÓN GENERAL
Campo fijo de descripción fija -- Información general 180222b xxu||||| |||| 00| 0 eng d
020 ## - NÚMERO INTERNACIONAL NORMALIZADO PARA LIBROS
Número Internacional Normalizado del libro 970-607-864-9
040 ## - FUENTE DE CATALOGACIÓN
Agencia que realiza la transcripción CO-MdBIC
082 04 - NÚMERO DE CLASIFICACIÓN DECIMAL DEWEY
Número de clasificación 863C H37cp
100 1# - ASIENTO PRINCIPAL--NOMBRE PERSONAL
Nombre personal Védere d`Auria, Pascale
245 10 - TÍTULO
Título del Material En camino a los países cálidos / ilustraciones de Philippe salembier, textos de Pascale Védere d`Auria, traducción de Ma. del Pilar Ortíz L.
260 ## - PUBLICACIÓN, DISTRIBUCIÓN, ETC. (PIE DE IMPRENTA)
Lugar de publicación, distribución, etc. México : Hemma ediciones
300 ## - DESCRIPCIÓN FÍSICA
Extensión [16 P.]
500 ## - NOTA GENERAL
Nota General A patir de 3 años
650 14 - ASIENTO SECUNDARIO DE MATERIA - TERMINO TEMÁTICO
Término temático o nombre geográfico como elemento de entrada Animales
942 ## - TIPO DE MATERIAL (KOHA)
Tipo de Item KOHA Z- Libro General BINCO
Existencias
Estado de Material Estado de Perdido Forma de Clasificación Volumen-Parte/Tomo Estado de Dañado No para Préstamo Tomo Biblioteca de Origen Biblioteca Permanente Fecha de Adquisición Total de Préstamos Signatura Topográfica Código de Barras Última vez visto Ejemplar/Existencia Fecha de Remplazo Tipo de Material
    Dewey Decimal Classification         Biblioteca Infantil Comunitaria BINCO Biblioteca Infantil Comunitaria BINCO 05/09/2009   863C H37cp B32634 24/11/2016 1 26/01/2016 Z- Libro General BINCO

Biblioteca FUSBC | Teléfono: (57+4) 349 88 10 Ext. 141| WhatsApp (+57) 3005338115 
E-mail: biblioteca@unisbc.edu.co | Calle 76 87-14 Robledo Palenque, Medellín, Colombia

Con tecnología Koha